000
00271nam a2200097Ia 4500
082
_a
J 778.53 SPIL
245
0
_a
On the film set
100
_a
SPILSBURY, Richard Chicago, Ill., [c.2009] 1st ed
_9
91294
942
_c
BK
008
210817s9999 xx 000 0 und d
999
_c
368107
_d
368106